书目信息 |
| 题名: |
实验室安全风险控制与管理
|
|
| 作者: | 陈卫华 主编 | |
| 分册: | ||
| 出版信息: | 北京 化学工业出版社 2017.01 |
|
| 页数: | 161页 | |
| 开本: | 24cm | |
| 丛书名: | ||
| 单 册: | ||
| 中图分类: | N33 | |
| 科图分类: | ||
| 主题词: | 实验室管理--安全管理 | |
| 电子资源: | ||
| ISBN: | 978-7-122-28611-6 | |
| 000 | 00864nam0 2200217 450 | |
| 001 | 4548 | |
| 005 | 20221010145550.42 | |
| 010 | @a978-7-122-28611-6@dCNY39.00 | |
| 100 | @a20170328d2017 em y0chiy50 ea | |
| 101 | 0 | @achi |
| 102 | @aCN@b110000 | |
| 105 | @aa z 000yy | |
| 200 | 1 | @a实验室安全风险控制与管理@9shi yan shi an quan feng xian kong zhi yu guan li@f陈卫华主编 |
| 210 | @a北京@c化学工业出版社@d2017.01 | |
| 215 | @a161页@c图@d24cm | |
| 330 | @a本书结合了当前实验室实验操作经验和国内外实验室管理文献,在简述实验室安全风险管理理论的基础上,详细介绍了现代实验室常用的水、电、气、火、试剂基本安全操作和安全防范措施,实验室有关化学、食品、微生物基本操作及安全防范,实验室废弃物处理规范等内容。 | |
| 606 | 0 | @a实验室管理@x安全管理 |
| 690 | @aN33@v5 | |
| 701 | 0 | @a陈卫华@9chen wei hua@4主编 |
| 801 | 0 | @aCN@b91MARC@c20170328 |
| 905 | @aMuseLib@dN33@e134 | |
| 实验室安全风险控制与管理/陈卫华主编.-北京:化学工业出版社,2017.01 |
| 161页:图;24cm |
| ISBN 978-7-122-28611-6:CNY39.00 |
| 本书结合了当前实验室实验操作经验和国内外实验室管理文献,在简述实验室安全风险管理理论的基础上,详细介绍了现代实验室常用的水、电、气、火、试剂基本安全操作和安全防范措施,实验室有关化学、食品、微生物基本操作及安全防范,实验室废弃物处理规范等内容。 |
| ● |
| 相关链接 |
|
|
|
|
正题名:实验室安全风险控制与管理
索取号:N33/134
 
预约/预借
| 序号 | 登录号 | 条形码 | 馆藏地/架位号 | 状态 | 备注 |
| 1 | 1052567 | 210525671 | 第三借阅区/ [索取号:N33/134] | 在馆 | |
| 2 | 1125656 | 211256567 | 第二样本阅览室/ [索取号:N33/134] | 在馆 | |
| 3 | 1125657 | 211256576 | 第三借阅区/ [索取号:N33/134] | 在馆 | |
| 4 | 1125658 | 211256585 | 第三借阅区/ [索取号:N33/134] | 在馆 | |
| 5 | 1125659 | 211256594 | 物理系资料室/ [索取号:N33/134] | 在馆 | |
| 6 | 1125660 | 211256601 | 第三借阅区/ [索取号:N33/134] | 在馆 |